000 00351cam a22001097a 4500
008 180718b1981 xxu||||| |||| 00| 0 eng d
082 _aA75 Ut8S
245 _aUttar Pradesh district gazetteers: Saharanpur
_cedited by Dangli Prasad Varun
260 _aLucknow
_bDepartment of District Gazetteers
_c1981
300 _a400p.
700 _aVarun, Dangli Prasad
999 _c487036
_d487036